000 00772nam a2200229Ia 4500
003 GCL
008 140319s9999 xx 000 0 ara d
040 _aGCL /
_cGCL
082 0 4 _a214.296
_bم ن
100 1 _aمحمد عبدالسلام ابوالنيل
245 1 0 _aبنو اسرائيل فى القران الكريم /
_cمحمد عبدالسلام ابوالنيل
250 _aالاولى
260 _aبيروت :
_bمكتبة الفلاح ،
_c2003
300 _a295 ص ؛
_c24 سم
490 _aدراسات قرانية
_v0
650 0 4 _aالاسرائيليات
650 0 4 _aالاسلام واليهودية
650 0 4 _aالقران - تفسير
650 0 4 _aبنو اسرائيل
650 0 4 _aالقران - تاريخ
942 _2ddc
_cBK
999 _c6023
_d6023